000 00620nam a2200181Ia 4500
008 151018s9999 xx 000 0 und d
082 _bRBASDV48199
_a891.433
100 _aमहेशचंद्र गुप्त
245 _aतिसरा आयाम
250 _b1
260 _bराष्ट्रीय साहित्य प्रकाशन
_c2007
300 _a119
600 _aमहेशचंद्र गुप्त
630 _aतिसरा आयाम
700 _aमहेशचंद्र गुप्त
730 _aतिसरा आयाम
942 _cBOOK
999 _c1047327
_d1047324